|
|
|
|
| LEADER |
00928nam a2200229 i 4500 |
| 001 |
acta45430 |
| 005 |
20210908152715.0 |
| 008 |
170126s1991 hu o 0|| eng d |
| 020 |
|
|
|a 963 7179 36 4
|
| 022 |
|
|
|a 0562-2883
|
| 040 |
|
|
|a SZTE Egyetemi Kiadványok Repozitórium
|b hun
|
| 041 |
|
|
|a eng
|
| 245 |
0 |
0 |
|a Essays and scientific papers of Albert Szent-Györgyi
|h [elektronikus dokumentum]
|
| 260 |
|
|
|a Universitate Scientiarium Medicinae de Alberto Szent-Györgyi Nominata
|b Szeged
|c 1991
|
| 300 |
|
|
|a 66
|c 24 cm
|
| 490 |
0 |
|
|a Studia Medica Szegedinensia
|v 14
|
| 650 |
|
4 |
|a Természettudományok
|
| 650 |
|
4 |
|a Biológiai tudományok
|
| 695 |
|
|
|a Szent-Györgyi Albert, Biokémia - magyar - 1913-1989 - bibliográfia 650 7 $aSzakirodalmi források$xbiokémia$xorvosi$xmagyar$y1913-1989
|
| 700 |
0 |
1 |
|a Zallár Andor
|
| 700 |
0 |
1 |
|a Patak Klára
|
| 856 |
4 |
0 |
|u http://acta.bibl.u-szeged.hu/45430/1/studia_medica_014.pdf
|z Dokumentum-elérés
|